Statistieken voor Aziatische landen voor de toets.

Klik hier om de quiz te nemen!

Algemene statistieken

  • Deze quiz is 10 keer genomen
  • De gemiddelde score is 16 van 21

Antwoorden op de kaart

Antwoorden kleurgecodeerd door een groen-rode schaal op de quizkaart volgens % correct hieronder.
 

Antwoordstatistieken

Antwoord% Correct
China
100%
Afghanistan
75%
Bangladesh
75%
Beijing (Peking)
75%
Delhi
75%
Filipijnen
75%
India
75%
Indonesië
75%
Japan
75%
Mongolië
75%
Noord-Korea
75%
Pakistan
75%
Seoul
75%
Singapore
75%
Taiwan
75%
Thailand
75%
Tokyo
75%
Vietnam
75%
Bangkok
63%
Jakarta
63%
Zuid-Korea
63%

Scoreverdeling

Percentiel versus Aantal Correcte Antwoorden

Procent van Mensen met Elke Score

Uw Scoregeschiedenis

U heeft deze quiz nog niet genomen